تاريخ الفلسفة الغربية / (Record no. 14371)
[ view plain ]
| 000 -الفاتح | |
|---|---|
| حقل البيانات ثابتة الطول | 01296cam a22002775a 4500 |
| 003 - محدد رقم الضبط | |
| رقم الضبط | OSt |
| 005 - وقت وتاريخ اخر تعامل مع التسجيلة | |
| رقم الضبط | 20201124141924.0 |
| 008 - عناصر البيانات ثابتة الطول - معلومات عامة | |
| حقل البيانات ثابتة الطول | 100704s1967 ua frb 00010 ara d |
| 040 ## - مصدر الفهرسة | |
| وكالة الفهرسة الأصلية | EG-ScBUE |
| لغة الفهرسة | ara |
| وكالة التعديل | EG-ScBUE |
| 082 04 - رقم تصنيف ديوى العشرى | |
| رقم التصنيف | 190 |
| رقم المادة | ر س ل |
| رقم الطبعة | 22 |
| 245 10 - بيان العنوان | |
| العنوان | تاريخ الفلسفة الغربية / |
| بيان المسئوليه,etc | تأليف برتراند رسل؛ ترجمة زكى نجيب محمود؛ راجعه أحمد أمين |
| 250 ## - بيان الطبعة | |
| بيان الطبعة | ط 2. |
| 260 ## - PUBLICATION, DISTRIBUTION, ETC. (IMPRINT) | |
| مكان الناشر او الموزع | القاهرة: |
| اسم الناشر او الموزع | مطبعة لجنة التأليف والترجمة والنشر، |
| تاريخ النشر أو التوزيع | 1967. |
| 300 ## - الوصف المادى | |
| التعداد | 3 مج ؛ |
| أبعاد الوعاء | 25 سم. |
| 504 ## - تبصرة ببليوجرافية | |
| تبصرة ببليوجرافية,الخ | يشتمل على ارجاعات ببليوجرافية. |
| 505 ## - تبصرة محتويات-الفهرس | |
| تبصرة المحتويات المصاغة | المحتويات: الكتاب الأول. الفلسفة القديمة -- الكتاب الثاني. الفلسفة الكاثوليكية -- الكتاب الثالث. الفلسفة الحديثة. |
| 541 ## - تبصرة المصدر المباشر للتزويد | |
| مصدر التزويد | ألف باء ؛ |
| طريقة التزويد | شراء ؛ |
| 590 ## - تبصرة محلية(RLIN) | |
| تبصرة محلية | reham yahia <br/>doaa mohamed |
| 650 ## - المدخل الاضافى بالموضوع-مصطلح موضوعى | |
| 9 (RLIN) | 15104 |
| مصطلح موضوعي أو اسم جغرافي كعنصر مدخل | الفلسفة الغربية |
| مصدر الرأس أو المصطلح | BUEsh |
| 650 ## - المدخل الاضافى بالموضوع-مصطلح موضوعى | |
| 9 (RLIN) | 15855 |
| مصطلح موضوعي أو اسم جغرافي كعنصر مدخل | الفلسفة الغربية القديمة |
| مصدر الرأس أو المصطلح | BUEsh |
| 651 ## - المدخل الاضافى بالموضوع - اسم جغرافى | |
| مصدر الرأس أو المصطلح | BUEsh |
| 653 ## - مصطلح تكشيفى غير مقيد | |
| Resource For college | Arabic Literature |
| Arrived date list | August2015 |
| 700 ## - المدخل الاضافى - اسم شخصى | |
| الإسم الشخصى | محمود , زكى نجيب. |
| 9 (RLIN) | 8634 |
| الدور | مترجم |
| 700 ## - المدخل الاضافى - اسم شخصى | |
| الإسم الشخصى | أمين, أحمد. |
| 9 (RLIN) | 8691 |
| الدور | مراجع |
| 942 ## - عناصر المدخل الإضافي( كوها) | |
| مصدر التصنيف او مخطط الترفيف | Dewey Decimal Classification |
| Koha [default] item type | Book - Borrowing |
| سابقة رقم الطلب | 190 ر س ل |
| حالة التراجع | حالة الفقد | مصدر التصنيف او خطة الترفيف | حالة تلف | ليس للاعارة | مجموعات كوها | المكان الدائم | المكان الحالي | موقع الترفيف | تاريخ الاكتساب | Source of acquisition | رقم الاستدعاء | الباركود | Date last seen | مُعار | نوع الوعاء |
|---|---|---|---|---|---|---|---|---|---|---|---|---|---|---|---|
| Dewey Decimal Classification | Alef-Baa | Central Library | Central Library | Lower Floor | 04/07/2010 | 190 ر س ل | 000021303 | 15/07/2025 | 10/12/2013 | Book - Borrowing | |||||
| Dewey Decimal Classification | Alef-Baa | Central Library | Central Library | Lower Floor | 07/07/2010 | 190 ر س ل | 000025041 | 15/07/2025 | Book - Borrowing | ||||||
| Dewey Decimal Classification | Central Library | Central Library | Lower Floor | 24/08/2015 | Purchase | 190 ر س ل | 000021597 | 15/07/2025 | Book - Borrowing |